Bệnh mắt hột

שמור ב:
מידע ביבליוגרפי
מחבר ראשי: Nguyễn Duy Hòa
פורמט: ספר
שפה:Undetermined
יצא לאור: Hà Nội Y Học 1997
נושאים:
תגים: הוספת תג
אין תגיות, היה/י הראשונ/ה לתייג את הרשומה!
Thư viện lưu trữ: Trung tâm Học liệu Trường Đại học Cần Thơ
LEADER 00499nam a2200193Ia 4500
001 CTU_28708
008 210402s9999 xx 000 0 und d
020 |b 9.000đ 
082 |a 617.7 
082 |b H401 
100 |a Nguyễn Duy Hòa 
245 0 |a Bệnh mắt hột 
245 0 |c Nguyễn Duy Hòa 
260 |a Hà Nội 
260 |b Y Học 
260 |c 1997 
650 |a ophthalmology 
904 |i Minh, 990302 
980 |a Trung tâm Học liệu Trường Đại học Cần Thơ